ENEM 6 (Record no. 68446)

MARC details
000 -LÍDER
campo de controle de tamanho fixo 00362 a2200157 4500
001 - NÚMERO DE CONTROLE
campo de controle 68446
020 ## - ISBN - INTERNATIONAL STANDARD BOOK NUMBER
ISBN - International Standard Book Number 9786556131320
040 ## - FONTE DA CATALOGAÇÃO
Instituição que transcreveu o registro Anchieta - Pituba
100 ## - ENTRADA PRINCIPAL--NOME PESSOAL
Nome pessoal Poliedro Sistema de Ensino
240 10 - TÍTULO UNIFORME
Título uniforme ENEM 6
Idioma da obra por
245 10 - TÍTULO
Título ENEM 6
300 ## - DESCRIÇÃO FÍSICA
Extensão 1104
362 0# - DATAS DE PUBLICAÇÃO E/OU DESIGNAÇÃO SEQUENCIAL
Datas de publicação e/ou designação sequencial 2022
650 #4 - ASSUNTO--TERMO TÓPICO
Cabeçalho tópico ou nome geográfico . Vestibulares / Exames de admissão em universidades
942 ## - ELEMENTOS DE ENTRADA ADICIONADOS (KOHA)
Tipo de material Koha Livros
Holdings
Situação do descarte Situação das perdas Situação física Não pode ser emprestado Biblioteca de origem Biblioteca atual Data de aquisição Total de empréstimos Número de chamada completo Código de barras Data de último acesso Data do último empréstimo Data do preço efetivo Tipo de material Koha
        Colégio Anchieta - Pituba Colégio Anchieta - Pituba 21/11/2023 1 378.161 E56e ENE 24092/PIT 18/06/2024 21/11/2023 21/11/2023 Livros